| 000 | 00350 a2200133 4500 | ||
|---|---|---|---|
| 001 | 86408 | ||
| 082 | _a623.7469 FAH | ||
| 090 |
_c40604 _d40604 |
||
| 100 | _aFahlstrom | ||
| 245 | _aIntroduction to Unmanned aerial vehicle systems | ||
| 260 |
_aUK _bJohn Wiley _c2012 |
||
| 300 | _axxv, 280 p. | ||
| 610 |
_aUAV _bUn manned aerial vehicle systems |
||
| 942 |
_aNUST-CAE _k623.7469 FAH |
||
| 999 |
_c321481 _d321481 |
||